Новые эффекты в пограничной области ядерной физики и физики твердого тела (эффект Мессбауэра, аннигиляция позитронов в твердых телах, угловая корреляция последовательных ядерных излучений; Конференция "Изменение свойств материалов под действием излучений"

Dettagli Bibliografici
Parent link:Конференция "Изменение свойств материалов под действием излучений".— 1961.— С. 29
Autore principale: Кольчужкин А. М.
Lingua:russo
Pubblicazione: 1961
Soggetti:
Natura: MixedMaterials Capitolo di libro
KOHA link:https://koha.lib.tpu.ru/cgi-bin/koha/opac-detail.pl?biblionumber=591033

MARC

LEADER 00000naa0a2200000 4500
001 591033
005 20250821154621.0
035 |a (RuTPU)RU\TPU\tpu\853 
035 |a TPU00000853 
090 |a 591033 
100 |a 20011210d1961 k||y0rusy50 ca 
101 0 |a rus 
102 |a RU 
200 1 |a Новые эффекты в пограничной области ядерной физики и физики твердого тела (эффект Мессбауэра, аннигиляция позитронов в твердых телах, угловая корреляция последовательных ядерных излучений  |f А. М. Кольчужкин 
463 1 |t Конференция "Изменение свойств материалов под действием излучений"  |o Тезисы докладов и сообщений (21-23 ноября)  |v С. 29  |d 1961 
610 1 |a физика 
610 1 |a труды учёных ТПУ 
700 1 |a Кольчужкин  |b А. М. 
801 0 |a RU  |b 63413507  |c 20011210  |g PSBO 
801 2 |a RU  |b 63413507  |c 20050630  |g PSBO 
942 |c BK